Electronic circuit guidebook / (Record no. 178605)
[ view plain ]
| 000 -LEADER | |
|---|---|
| fixed length control field | 01486 a2200229 4500 |
| 003 - CONTROL NUMBER IDENTIFIER | |
| control field | Nust |
| 005 - DATE AND TIME OF LATEST TRANSACTION | |
| control field | 20221118182827.0 |
| 010 ## - LIBRARY OF CONGRESS CONTROL NUMBER | |
| LC control number | 97065787 |
| 020 ## - INTERNATIONAL STANDARD BOOK NUMBER | |
| International Standard Book Number | 0790611325 (v. 4) |
| 040 ## - CATALOGING SOURCE | |
| Transcribing agency | Nust |
| 082 00 - DEWEY DECIMAL CLASSIFICATION NUMBER | |
| Classification number | 621.381,CAR |
| 100 1# - MAIN ENTRY--PERSONAL NAME | |
| Personal name | Carr, Joseph J. |
| 9 (RLIN) | 26343 |
| 245 10 - TITLE STATEMENT | |
| Title | Electronic circuit guidebook / |
| Statement of responsibility, etc. | Joseph J. Carr. |
| 260 ## - PUBLICATION, DISTRIBUTION, ETC. | |
| Place of publication, distribution, etc. | Indianapolis, IN : |
| Name of publisher, distributor, etc. | Prompt Publications, |
| Date of publication, distribution, etc. | c1997-<c1999 > |
| 300 ## - PHYSICAL DESCRIPTION | |
| Extent | v. 406p : |
| Other physical details | ill. ; |
| Dimensions | 24 cm. |
| 505 1# - FORMATTED CONTENTS NOTE | |
| Formatted contents note | Introduction to Light and Electro Optics (Page-10), More Light Physics (Page-27), Mirrors, Prisms and Lenses (Page-57), Photoemissive Sensors: Phototubes and Photomultiplier Tubes (Page-89), Light Sources (Page-105), Photoconductive Cells (Page-139), Photovoltaic Cells (Page-157), Photodiodes and Phototransistor (Page-179), Optoisolators Optocouplers and Optoswitches (Page-199), Electronics Amplifiers for Electro Optical Circuits (Page-223), Electro-Optical Medical Instruments (Page-243), Integrated Circuit Electro-Optical Sensors (Page-255), X-Ray Sources and Radiation Detectors (Page-263), Lasers (Page-283), Fiber Optic Technology (Page-303), Television Sensor Tubes (Page-337), More Optical Instruments (Page-347), Optical Sensor Resolution Improvement Techniques (Page-367). |
| 650 #0 - SUBJECT ADDED ENTRY--TOPICAL TERM | |
| Topical term or geographic name entry element | Detectors. |
| 9 (RLIN) | 399 |
| 650 #0 - SUBJECT ADDED ENTRY--TOPICAL TERM | |
| Topical term or geographic name entry element | Electronic instruments |
| General subdivision | Design and construction. |
| 9 (RLIN) | 103109 |
| 650 #0 - SUBJECT ADDED ENTRY--TOPICAL TERM | |
| Topical term or geographic name entry element | Interface circuits |
| General subdivision | Design and construction. |
| 9 (RLIN) | 103110 |
| 650 #0 - SUBJECT ADDED ENTRY--TOPICAL TERM | |
| Topical term or geographic name entry element | Linear integrated circuits. |
| 9 (RLIN) | 55531 |
| 942 ## - ADDED ENTRY ELEMENTS (KOHA) | |
| Source of classification or shelving scheme | |
| Koha item type | Book |
| Withdrawn status | Lost status | Source of classification or shelving scheme | Damaged status | Not for loan | Permanent Location | Current Location | Shelving location | Date acquired | Full call number | Barcode | Date last seen | Price effective from | Koha item type | Public note |
|---|---|---|---|---|---|---|---|---|---|---|---|---|---|---|
| Military College of Signals (MCS) | Military College of Signals (MCS) | General Stacks | 12/12/2016 | 621.381,CAR | MCS31826 | 12/08/2016 | 12/12/2016 | Book | Almirah No.31, Shelf No.1 |
